000 00377cam a2200169 4500
001 D12991
008 090401t1935 xxu||||| |||| 00| 0 eng d
035 _a(Sirsi) u7064
041 _aeng
100 _aHonniball, G.T.
245 4 _aThe law of flats
260 _aLondon
_bEstates Gazette
_c1935
350 _a0
520 _aShelf 117
942 _n0
948 _c04/03/1997
999 _c86387
_d86387